A-Z Harry Potter Characters - Statistics

General Stats
  • This quiz has been taken 4,173 times
  • The average score is 20 of 26
Answer Stats
Hint Answer % Correct
A Headmaster of Hogwarts first name Albus
100%
B Eldest Weasley first name Bill
97%
J Harry's father first name James
90%
K Bulgarian seeker, Triwizard champion surname Krum
87%
R Voldemort's given name surname Riddle
85%
D Beauxbatons' Triwizard champion surname Delacour
84%
N Draco's mother first name Narcissa
84%
M Auror, impersonated by Barty Crouch Jr. for a year surname Mad-eye Moody
83%
L DADA teacher with no real skill and a very large ego surname Lockhart
82%
H Founder of house that is "unafraid of toil" either Helga Hufflepuff
81%
I Headmaster of Durmstrang first name Igor
80%
U Hogwarts' first ever High Inquisitor surname Umbridge
79%
W First teaches Harry to play Quidditch, team captain surname Wood
79%
S Daily prophet writer, animagus surname Skeeter
76%
T Metamorphmagus and Order of the Phoenix member surname Tonks
75%
G Werewolf deatheater surname Greyback
74%
Q DADA professor with two faces either Quirinus Quirrell
74%
F Creator of the Sorcerer's Stone surname Flamel
73%
X Editor of the Quibbler first name Xenophilius
69%
C Deatheater siblings surname Carrow
64%
O Headmistress of Beauxbatons first name Olympe
64%
Z Slytherin and friend of Draco's surname Zabini
61%
V Tries to give Harry a love potion that Ron eats surname Vane
59%
P Tale of the Three Brothers family surname Peverell
56%
Y Deatheater who nearly apparates with the Trio to Grimmauld Place surname Yaxley
56%
E Ravenclaw student who betrays Dumbledore's Army surname Edgecomb
41%
No matching quizzes found
Score Distribution
Percent of People with Each Score
Percentile by Number Answered
Your Score History
You have not taken this quiz